Ukraine - Poland UEFA Euro 2016 - Statistics

General Stats
  • This quiz has been taken 75 times
  • The average score is 12 of 29
Answer Stats
Answer % Correct
Robert Lewandowski
98%
Łukasz Fabiański
86%
Kamil Glik
83%
Arkadiusz Milik
79%
Grzegroz Krychowiak
73%
Jakub Błaszczykowski ¹
70%
Kamil Grosicki
65%
Michał Pazdan
62%
Adam Nawalka
59%
Andriy Yarmolenko
56%
Andrei Pyatov
52%
Artur Jędrzejczyk
52%
Piotr Zieliński
52%
Yevhen Konoplyanka
49%
Bartosz Kapustka
48%
Tomasz Jodłowiec
33%
Oleksandr Zinchenko
29%
Taras Stepanenko
24%
Thiago Cionek
17%
Rouslan Rotan
16%
Roman Zozulya
14%
Bohdan Butko
10%
Filip Starzyński
10%
Viktor Kovalenko
10%
Oleksandr Kucher
8%
Yevhen Khacheridi
8%
Anatoliy Tymoshchuk
5%
Artem Fedetskyi
5%
Mykhailo Fomenko
5%
No matching quizzes found
Score Distribution
Percent of People with Each Score
Percentile by Number Answered
Your Score History
You have not taken this quiz